000 00938cam a22002054a 4500
005 20250605164029.0
008 250528s ||||||||||||||||||||||||d
035 _a16539
020 _a6821327
040 _aGR-AtMCL
_bgre
_dGR-AtMCL
_eAACR2
245 1 _aJohn Dewey / His Contribution to the American Tradition
260 _bGreenwood Press, Publishers,
_c1968
300 _a330
505 0 _aIntroduction, Reconstruction in Philosophy, Philosophy as Education, Human Nature and Conduct, Intelligence and Inquiry, The Human Uses of Freedom, The Religion of Shared Experience, Democracy as a Moral Ideal, Index.
520 _aIntroduction, Reconstruction in Philosophy, Philosophy as Education, Human Nature and Conduct, Intelligence and Inquiry, The Human Uses of Freedom, The Religion of Shared Experience, Democracy as a Moral Ideal, Index.
700 1 _aEdman Irwin
_92637
942 _cBK
999 _c2032
_d2032